书目信息 |
| 题名: |
30类面试题经典解析
|
|
| 作者: | 孙宗虎 著 | |
| 分册: | ||
| 出版信息: | 北京 人民邮电出版社 2009.02 |
|
| 页数: | 172页 | |
| 开本: | 24cm | |
| 丛书名: | 弗布克面试经典系列 | |
| 单 册: | ||
| 中图分类: | C913.2 | |
| 科图分类: | ||
| 主题词: | 职业选择--基本知识 | |
| 电子资源: | ||
| ISBN: | 978-7-115-19561-6 | |
| 000 | 00951nam 2200241 450 | |
| 001 | 0011139617 | |
| 005 | 20100720115524.15 | |
| 010 | @a978-7-115-19561-6@dCNY25.00 | |
| 100 | @a20100515d2009 em y0chiy0110 ea | |
| 101 | 0 | @achi |
| 102 | @aCN@b110000 | |
| 105 | @ay z 000yy | |
| 200 | 1 | @a30类面试题经典解析@A30 lei mian shi ti jing dian jie xi@f孙宗虎著 |
| 210 | @a北京@c人民邮电出版社@d2009.02 | |
| 215 | @a172页@d24cm | |
| 225 | 2 | @a弗布克面试经典系列 |
| 330 | @a本书通过对众多用人单位面试问题的分析,从求职者的需要出发,将面试问题划分为面试必问类、能力面试类、岗位面试类三部分,在每一部分中又提供了10种典型面试题,通过PK式示范解答以及面试官的点评,全面详尽地阐述了面试官提问时的所思、所想,这就可以帮助求职者在面试过程中根据自身特点,有选择地参考。 | |
| 410 | 0 | @12001 @a弗布克面试经典系列 |
| 606 | 0 | @a职业选择@x基本知识 |
| 690 | @aC913.2@v4 | |
| 701 | 0 | @a孙宗虎@Asun zong hu@4著 |
| 801 | 0 | @aCN@c20100515 |
| 905 | @dC913.2@eS980@f3 | |
| 30类面试题经典解析/孙宗虎著.-北京:人民邮电出版社,2009.02 |
| 172页;24cm.-(弗布克面试经典系列) |
| ISBN 978-7-115-19561-6:CNY25.00 |
| 本书通过对众多用人单位面试问题的分析,从求职者的需要出发,将面试问题划分为面试必问类、能力面试类、岗位面试类三部分,在每一部分中又提供了10种典型面试题,通过PK式示范解答以及面试官的点评,全面详尽地阐述了面试官提问时的所思、所想,这就可以帮助求职者在面试过程中根据自身特点,有选择地参考。 |
| ● |
| 相关链接 |
|
|
|
正题名:30类面试题经典解析
索取号:C913.2/S980
 
预约/预借
| 序号 | 登录号 | 条形码 | 馆藏地/架位号 | 状态 | 备注 |